[Event "SV Herzogenrath 1 - SV Turm Bergheim 1"]
[Site "Verbandsliga - West 2016/2017"]
[Date "2017.04.30"]
[Round "11.1"]
[White "Fuhs, J�rgen"]
[Black "Meirick, Ingo"]
[Result "0-1"]
[WhiteElo "1987"]
[BlackElo "2148"]
[PlyCount "108"]
[EventDate "2017.??.??"]
[WhiteTeam "SV Turm Bergheim 1"]
[BlackTeam "SV Herzogenrath 1"]

1. d4 d5 2. e3 Nf6 3. Bd3 e6 4. Nd2 c5 5. c3 Nc6 6. f4 Bd6 7. Ndf3 Ne4 8. Ne2
O-O 9. O-O b6 10. Bd2 a5 11. Be1 Ba6 12. Bh4 Qc7 13. Ng5 Nxg5 14. Bxg5 Bxd3 15.
Qxd3 c4 16. Qc2 f5 17. Kh1 b5 18. Ng1 b4 19. Nf3 Rfb8 20. Rfb1 a4 21. Nd2 Qa5
22. a3 bxa3 23. bxa3 Na7 24. Rb4 Nb5 25. Nb1 Bxb4 26. axb4 Qa7 27. Na3 Nd6 28.
Bh4 Kf7 29. Qe2 g6 30. Kg1 Ne4 31. Qc2 h6 32. Rf1 Rg8 33. Be1 Qd7 34. Rf3 Kg7
35. Kf1 g5 36. Ke2 Kh7 37. g3 h5 38. Kd1 h4 39. Kc1 g4 40. Rf1 hxg3 41. hxg3
Kg6 42. Rh1 Rh8 43. Rh4 Rxh4 44. gxh4 Kh5 45. Qe2 Rg8 46. Kb2 Kh6 47. Nb1 g3
48. Qg2 a3+ 49. Nxa3 Qa4 50. Nc2 Qb3+ 51. Kc1 Nxc3 52. Bxc3 Qxc3 53. Kd1 Qd3+
54. Kc1 c3 0-1

[Event "SV Herzogenrath 1 - SV Turm Bergheim 1"]
[Site "Verbandsliga - West 2016/2017"]
[Date "2017.04.30"]
[Round "11.3"]
[White "Buller, Ivan"]
[Black "Horbach, Fabian"]
[Result "0-1"]
[WhiteElo "1837"]
[BlackElo "2000"]
[PlyCount "34"]
[EventDate "2017.??.??"]
[WhiteTeam "SV Turm Bergheim 1"]
[BlackTeam "SV Herzogenrath 1"]

1. e4 c5 2. d4 cxd4 3. Nf3 e6 4. Nxd4 Bc5 5. Nb3 Bb6 6. Nc3 Ne7 7. Bf4 d5 8.
Bb5+ Nbc6 9. exd5 exd5 10. Qd2 O-O 11. O-O-O Be6 12. Rhe1 d4 13. Ne4 Qd5 14.
Ng5 Qxb5 15. Bd6 Bxb3 16. Bxe7 Nxe7 17. Rxe7 Bd8 0-1

[Event "SV Herzogenrath 1 - SV Turm Bergheim 1"]
[Site "Verbandsliga - West 2016/2017"]
[Date "2017.04.30"]
[Round "11.4"]
[White "Haverkamp, Klaus"]
[Black "Bergmann, Thomas"]
[Result "1/2-1/2"]
[WhiteElo "1895"]
[BlackElo "1731"]
[PlyCount "138"]
[EventDate "2017.??.??"]
[WhiteTeam "SV Herzogenrath 1"]
[BlackTeam "SV Turm Bergheim 1"]

1. e4 Nc6 2. d4 d5 3. e5 Bf5 4. c3 e6 5. f4 f6 6. Nf3 Nh6 7. Be2 Qd7 8. O-O Be7
9. Nbd2 Bg4 10. h3 Bxf3 11. Nxf3 fxe5 12. fxe5 Nf5 13. Bd3 O-O-O 14. Ng5 Bxg5
15. Bxg5 Rdf8 16. g4 Nfe7 17. Qa4 a6 18. Qc2 h6 19. Bxe7 Qxe7 20. Rxf8+ Rxf8
21. Rf1 Rxf1+ 22. Bxf1 Qg5 23. Qf2 Ne7 24. Bd3 h5 25. Qe2 hxg4 26. hxg4 Nf5 27.
Bxf5 exf5 28. Kg2 fxg4 29. Kg3 Kd8 30. Qxg4 Qe3+ 31. Qf3 Qg5+ 32. Kh2 Qh4+ 33.
Kg2 Qg5+ 34. Kf2 Qd2+ 35. Qe2 Qf4+ 36. Kg2 Qg5+ 37. Kf3 Qf5+ 38. Ke3 g5 39. Qf3
Qe6 40. Kf2 Ke7 41. Kg3 c6 42. Qg4 Qg6 43. Qc8 Qd3+ 44. Kg4 Qe2+ 45. Kxg5 Qxb2
46. Qc7+ Kf8 47. Qd8+ Kg7 48. Qf6+ Kg8 49. Kg6 Qg2+ 50. Qg5 Qxg5+ 51. Kxg5 Kf7
52. Kf5 b6 53. a3 a5 54. e6+ Ke7 55. Ke5 a4 56. Kf5 c5 57. Ke5 cxd4 58. cxd4 b5
59. Kxd5 b4 60. Kc6 bxa3 61. d5 a2 62. d6+ Kxe6 63. d7 a1=Q 64. d8=Q Qc3+ 65.
Kb6 Qb4+ 66. Kc6 Qc4+ 67. Kb6 Qb4+ 68. Kc6 Qc4+ 69. Kb6 Qb4+ 1/2-1/2

[Event "SV Herzogenrath 1 - SV Turm Bergheim 1"]
[Site "Verbandsliga - West 2016/2017"]
[Date "2017.04.30"]
[Round "11.5"]
[White "Esper, Tim"]
[Black "Weyer, Hans-J�rgen"]
[Result "1/2-1/2"]
[WhiteElo "1509"]
[BlackElo "1882"]
[PlyCount "28"]
[EventDate "2017.??.??"]
[WhiteTeam "SV Turm Bergheim 1"]
[BlackTeam "SV Herzogenrath 1"]

1. d4 d5 2. c4 e6 3. Nc3 Be7 4. cxd5 exd5 5. Nf3 Nf6 6. Bg5 c6 7. Qc2 O-O 8. e3
Re8 9. Bd3 Nbd7 10. O-O Nf8 11. Rab1 Be6 12. b4 Rc8 13. Rfc1 Bd6 14. Qb2 h6
1/2-1/2

[Event "SV Herzogenrath 1 - SV Turm Bergheim 1"]
[Site "Verbandsliga - West 2016/2017"]
[Date "2017.04.30"]
[Round "11.6"]
[White "Schmitt, Lars"]
[Black "Otto, Friedhelm"]
[Result "1-0"]
[WhiteElo "1781"]
[BlackElo "1609"]
[PlyCount "77"]
[EventDate "2017.??.??"]
[WhiteTeam "SV Herzogenrath 1"]
[BlackTeam "SV Turm Bergheim 1"]

1. d4 d5 2. c4 dxc4 3. e4 e6 4. Bxc4 Nf6 5. Nc3 Nc6 6. Nf3 Bb4 7. Qd3 Na5 8.
Bb5+ Bd7 9. O-O a6 10. Bxd7+ Qxd7 11. Bg5 Be7 12. d5 b6 13. a3 O-O 14. b4 Nb7
15. Ne5 Qc8 16. Nc6 Bd8 17. e5 h6 18. Bh4 g5 19. exf6 Bxf6 20. Bg3 Qd7 21. Be5
Bxe5 22. Nxe5 Qd6 23. Ng4 Kg7 24. Rad1 Rad8 25. Qf3 e5 26. Ne4 Qe7 27. Qf6+
Qxf6 28. Ngxf6 Nd6 29. Nxd6 Rxd6 30. Ne4 Rd7 31. d6 c6 32. g4 f6 33. Ng3 Kg6
34. Nf5 h5 35. f3 Rh8 36. Rc1 hxg4 37. fxg4 Rh3 38. Rxc6 Rxa3 39. Rc7 1-0

[Event "SV Herzogenrath 1 - SV Turm Bergheim 1"]
[Site "Verbandsliga - West 2016/2017"]
[Date "2017.04.30"]
[Round "11.7"]
[White "Lambertz, Walter"]
[Black "Samraoui, Med"]
[Result "1/2-1/2"]
[WhiteElo "1889"]
[BlackElo "1745"]
[PlyCount "23"]
[EventDate "2017.??.??"]
[WhiteTeam "SV Turm Bergheim 1"]
[BlackTeam "SV Herzogenrath 1"]

1. e4 e6 2. d4 d5 3. Nd2 Nf6 4. e5 Nfd7 5. Bd3 c5 6. c3 Nc6 7. Ne2 cxd4 8. cxd4
f6 9. exf6 Nxf6 10. Nf3 Bd6 11. O-O O-O 12. Bg5 1/2-1/2

[Event "SV Turm Bergheim 1 - SV W�rselen 2"]
[Site "Verbandsliga - West 2016/2017"]
[Date "2017.04.09"]
[Round "10.1"]
[White "Huhndorf, Arnold"]
[Black "Fuhs, J�rgen"]
[Result "1-0"]
[WhiteElo "2197"]
[BlackElo "2009"]
[PlyCount "53"]
[EventDate "2017.??.??"]
[WhiteTeam "SV W�rselen 2"]
[BlackTeam "SV Turm Bergheim 1"]

1. d4 f5 2. g3 Nf6 3. Bg2 g6 4. Nf3 Bg7 5. O-O O-O 6. c4 d6 7. Nc3 c6 8. Re1
Qc7 9. e4 fxe4 10. Nxe4 Nxe4 11. Rxe4 Bf5 12. Re1 e5 13. c5 Nd7 14. Qb3+ d5 15.
Nxe5 Bxe5 16. dxe5 Nxc5 17. Qc3 Ne4 18. Qd4 Qf7 19. f3 c5 20. Qd1 Bg4 21. fxg4
Qf2+ 22. Kh1 Rad8 23. Rf1 Qxf1+ 24. Qxf1 Rxf1+ 25. Bxf1 Nf2+ 26. Kg2 Nxg4 27.
Bf4 1-0

[Event "SV Turm Bergheim 1 - SV W�rselen 2"]
[Site "Verbandsliga - West 2016/2017"]
[Date "2017.04.09"]
[Round "10.2"]
[White "B�chel, J�rgen"]
[Black "Goossens, Etienne"]
[Result "0-1"]
[WhiteElo "1807"]
[BlackElo "2155"]
[PlyCount "36"]
[EventDate "2017.??.??"]
[WhiteTeam "SV Turm Bergheim 1"]
[BlackTeam "SV W�rselen 2"]

1. e4 e5 2. Nf3 Nc6 3. c4 Bc5 4. Nc3 d6 5. d3 Nge7 6. Be3 Nd4 7. Nd5 Nxd5 8.
cxd5 Nxf3+ 9. Qxf3 Bb4+ 10. Kd1 O-O 11. g4 c6 12. dxc6 bxc6 13. h4 d5 14. Kc2
d4 15. Bc1 Be6 16. Qg3 Qa5 17. f4 Bxa2 18. fxe5 Qa4+ 0-1

[Event "SV Turm Bergheim 1 - SV W�rselen 2"]
[Site "Verbandsliga - West 2016/2017"]
[Date "2017.04.09"]
[Round "10.3"]
[White "Heinichen, Nils"]
[Black "H�rtel, Stephan"]
[Result "1-0"]
[WhiteElo "2094"]
[BlackElo "1883"]
[PlyCount "73"]
[EventDate "2017.??.??"]
[WhiteTeam "SV W�rselen 2"]
[BlackTeam "SV Turm Bergheim 1"]

1. d4 Nf6 2. Nf3 g6 3. c4 Bg7 4. Nc3 d5 5. e3 O-O 6. cxd5 Nxd5 7. Bc4 Nxc3 8.
bxc3 c5 9. O-O Nc6 10. Qe2 Qc7 11. Bb2 Bg4 12. Rac1 a6 13. h3 Bd7 14. Ba3 cxd4
15. cxd4 Qa5 16. Bb2 e6 17. Bb3 Rfd8 18. Nd2 b5 19. Ne4 Ne7 20. Qf3 Be8 21.
Nf6+ Bxf6 22. Qxf6 Nd5 23. Qe5 Qb6 24. e4 f6 25. Qg3 Ne7 26. Qf4 Kg7 27. g4 g5
28. Qe3 Ng6 29. Rc5 Rac8 30. Rfc1 Rxc5 31. Rxc5 a5 32. e5 fxe5 33. Rxe5 h6 34.
Rxe6 Qb8 35. d5+ Kh7 36. Re7+ Kg8 37. Qe6+ 1-0

[Event "SV Turm Bergheim 1 - SV W�rselen 2"]
[Site "Verbandsliga - West 2016/2017"]
[Date "2017.04.09"]
[Round "10.4"]
[White "Buller, Ivan"]
[Black "Bien, Stefan"]
[Result "1/2-1/2"]
[WhiteElo "1837"]
[BlackElo "2032"]
[PlyCount "100"]
[EventDate "2017.??.??"]
[WhiteTeam "SV Turm Bergheim 1"]
[BlackTeam "SV W�rselen 2"]

1. e4 c6 2. Nc3 d5 3. Nf3 Bg4 4. h3 Bxf3 5. Qxf3 e6 6. exd5 exd5 7. d4 Nd7 8.
Bd3 Qf6 9. Qxf6 Ngxf6 10. Bd2 O-O-O 11. O-O Bd6 12. Rfe1 h6 13. Re2 Kc7 14. a3
Rhe8 15. Rae1 Nf8 16. Rxe8 Rxe8 17. Rxe8 Nxe8 18. Ne2 Ne6 19. Bf5 Kd7 20. f3
Ke7 21. Kf2 Kf6 22. Bxe6 Kxe6 23. Bf4 Be7 24. Bh2 g5 25. g4 Ng7 26. Bb8 a6 27.
f4 f5 28. Kf3 Bf6 29. c3 Kf7 30. Be5 Kg6 31. Nc1 gxf4 32. Nd3 fxg4+ 33. hxg4
Ne6 34. Bxf4 h5 35. gxh5+ Kxh5 36. Be3 Bg5 37. b3 Kg6 38. Nf2 Kf5 39. Nh3 Bxe3
40. Kxe3 Kg4 41. Nf2+ Kg3 42. Nd3 Kg4 43. c4 Kf5 44. cxd5 cxd5 45. Ne5 Ng5 46.
b4 Ne4 47. Nd3 Nd6 48. Nc5 Kf6 49. a4 Nf5+ 50. Kd3 Nd6 1/2-1/2

[Event "SV Turm Bergheim 1 - SV W�rselen 2"]
[Site "Verbandsliga - West 2016/2017"]
[Date "2017.04.09"]
[Round "10.5"]
[White "Frost, Andreas"]
[Black "Bergmann, Thomas"]
[Result "0-1"]
[WhiteElo "1919"]
[BlackElo "1731"]
[PlyCount "56"]
[EventDate "2017.??.??"]
[WhiteTeam "SV W�rselen 2"]
[BlackTeam "SV Turm Bergheim 1"]

1. d4 Nf6 2. c4 e6 3. g3 d5 4. Bg2 Be7 5. Nc3 O-O 6. Nf3 b6 7. O-O Bb7 8. Ne5
Nbd7 9. b3 c5 10. e3 cxd4 11. exd4 a6 12. Bf4 Rc8 13. Rc1 Ba3 14. Rc2 Bb4 15.
Bg5 Bxc3 16. Nxd7 Qxd7 17. Bxf6 gxf6 18. Rxc3 dxc4 19. Qg4+ Kh8 20. bxc4 Bxg2
21. Kxg2 Rxc4 22. Rxc4 Qd5+ 23. Qf3 Qxc4 24. Qxf6+ Kg8 25. Re1 Qd5+ 26. Kg1 Rc8
27. h4 Rc4 28. Re5 Rc1+ 0-1

[Event "SV Turm Bergheim 1 - SV W�rselen 2"]
[Site "Verbandsliga - West 2016/2017"]
[Date "2017.04.09"]
[Round "10.6"]
[White "Kr�ckeberg, Bernd"]
[Black "Ehrhardt, Michael"]
[Result "1/2-1/2"]
[WhiteElo "1781"]
[BlackElo "1644"]
[PlyCount "28"]
[EventDate "2017.??.??"]
[WhiteTeam "SV Turm Bergheim 1"]
[BlackTeam "SV W�rselen 2"]

1. e4 e5 2. Nf3 Nc6 3. Bc4 Bc5 4. c3 Nf6 5. d4 exd4 6. cxd4 Bb4+ 7. Bd2 Bxd2+
8. Nbxd2 d5 9. exd5 Nxd5 10. Qb3 Nce7 11. O-O O-O 12. Ne5 f6 13. Nef3 c6 14.
Rfe1 Kh8 1/2-1/2

[Event "SV Turm Bergheim 1 - SV W�rselen 2"]
[Site "Verbandsliga - West 2016/2017"]
[Date "2017.04.09"]
[Round "10.7"]
[White "Havenith, Michael"]
[Black "Esper, Tim"]
[Result "1/2-1/2"]
[WhiteElo "1638"]
[BlackElo "1511"]
[PlyCount "29"]
[EventDate "2017.??.??"]
[WhiteTeam "SV W�rselen 2"]
[BlackTeam "SV Turm Bergheim 1"]

1. c4 e6 2. Nf3 d5 3. b3 Nf6 4. Bb2 Be7 5. e3 O-O 6. Be2 c5 7. O-O Nc6 8. d4 b6
9. cxd5 Nxd5 10. dxc5 Bxc5 11. Nc3 Nxc3 12. Bxc3 Bb7 13. a3 Be7 14. b4 Rc8 15.
Rc1 1/2-1/2

[Event "SV Turm Bergheim 1 - SV W�rselen 2"]
[Site "Verbandsliga - West 2016/2017"]
[Date "2017.04.09"]
[Round "10.8"]
[White "Sarnecki, Ingo"]
[Black "Havenith, Julia"]
[Result "1/2-1/2"]
[WhiteElo "1565"]
[BlackElo "1604"]
[PlyCount "36"]
[EventDate "2017.??.??"]
[WhiteTeam "SV Turm Bergheim 1"]
[BlackTeam "SV W�rselen 2"]

1. d4 Nf6 2. Bg5 h6 3. Bxf6 exf6 4. e3 g6 5. Nf3 d6 6. Bd3 f5 7. O-O Bg7 8.
Nbd2 Nd7 9. e4 f4 10. c3 O-O 11. Re1 g5 12. h3 Re8 13. Bb1 Nf8 14. Nh2 Qe7 15.
Bc2 Ng6 16. Qh5 Qf6 17. Ng4 Bxg4 18. Qxg4 Qe6 1/2-1/2

[Event "SK Kerpen 1 - SV Turm Bergheim 1"]
[Site "Verbandsliga - West 2016/2017"]
[Date "2017.03.19"]
[Round "9.3"]
[White "H�rtel, Stephan"]
[Black "Vogel, Heike"]
[Result "0-1"]
[WhiteElo "1886"]
[BlackElo "2063"]
[PlyCount "26"]
[EventDate "2017.??.??"]
[WhiteTeam "SV Turm Bergheim 1"]
[BlackTeam "SK Kerpen 1"]

1. e4 c5 2. d4 d5 3. exd5 cxd4 4. Qxd4 Nf6 5. Nc3 g6 6. Bf4 Bg7 7. Nb5 O-O 8.
O-O-O Bf5 9. Nc7 Ne8 10. Qc4 Nxc7 11. Bxc7 Qd7 12. d6 Rc8 13. Bd3 exd6 0-1

[Event "SK Kerpen 1 - SV Turm Bergheim 1"]
[Site "Verbandsliga - West 2016/2017"]
[Date "2017.03.19"]
[Round "9.4"]
[White "Schauff, Lutz"]
[Black "Buller, Ivan"]
[Result "1-0"]
[WhiteElo "1980"]
[BlackElo "1837"]
[PlyCount "75"]
[EventDate "2017.??.??"]
[WhiteTeam "SK Kerpen 1"]
[BlackTeam "SV Turm Bergheim 1"]

1. d4 Nf6 2. Nf3 e6 3. Bf4 d5 4. e3 Bd6 5. Ne5 Bb4+ 6. c3 Be7 7. Bd3 Nbd7 8.
Nd2 Nxe5 9. dxe5 Nd7 10. Qg4 g5 11. O-O-O h5 12. Qg3 h4 13. Qg4 gxf4 14. exf4
Nc5 15. Bc2 Bf8 16. Rhe1 Bd7 17. Nf3 c6 18. Ng5 Qe7 19. Nxf7 Rh6 20. Nxh6 O-O-O
21. Ng8 Qf7 22. Nf6 Be7 23. Nxd7 Nxd7 24. f5 Nb6 25. f6 Bf8 26. Qxh4 Nc4 27.
Bd3 b5 28. Qh7 Qxh7 29. Bxh7 Bh6+ 30. Kc2 a6 31. Bd3 Nb6 32. g3 c5 33. f4 c4
34. Bg6 Bf8 35. f5 d4 36. Rxd4 Nd5 37. fxe6 Bc5 38. Rxd5 1-0

[Event "SK Kerpen 1 - SV Turm Bergheim 1"]
[Site "Verbandsliga - West 2016/2017"]
[Date "2017.03.19"]
[Round "9.5"]
[White "Bergmann, Thomas"]
[Black "Peters, Michael"]
[Result "1-0"]
[WhiteElo "1731"]
[BlackElo "1991"]
[PlyCount "77"]
[EventDate "2017.??.??"]
[WhiteTeam "SV Turm Bergheim 1"]
[BlackTeam "SK Kerpen 1"]

1. Nc3 Nf6 2. e4 e5 3. Nf3 Nc6 4. d4 exd4 5. Nxd4 Nxd4 6. Qxd4 d6 7. Bc4 Be7 8.
f3 O-O 9. Be3 a6 10. O-O-O b5 11. Be2 Bb7 12. e5 dxe5 13. Qxe5 Bd6 14. Qd4 Qe7
15. Bg5 Be5 16. Bxf6 Qxf6 17. Qb4 a5 18. Qc5 b4 19. Na4 Bc6 20. Bb5 Bxb5 21.
Qxb5 c6 22. Qc5 Rab8 23. g3 Rb5 24. Qe3 Re8 25. Kb1 Rbb8 26. Qb3 Rec8 27. Nc5
a4 28. Nxa4 c5 29. f4 Bd4 30. Qc4 Qc6 31. b3 Ra8 32. Rhe1 Rc7 33. Re2 g6 34.
Red2 Rac8 35. c3 bxc3 36. Nxc3 Qf6 37. Rd3 Qf5 38. Kc1 Qh3 39. Nd5 1-0

[Event "SK Kerpen 1 - SV Turm Bergheim 1"]
[Site "Verbandsliga - West 2016/2017"]
[Date "2017.03.19"]
[Round "9.6"]
[White "Schmitz, Rolf"]
[Black "Kr�ckeberg, Bernd"]
[Result "1/2-1/2"]
[WhiteElo "1947"]
[BlackElo "1781"]
[PlyCount "65"]
[EventDate "2017.??.??"]
[WhiteTeam "SK Kerpen 1"]
[BlackTeam "SV Turm Bergheim 1"]

1. c4 c6 2. Nc3 d5 3. cxd5 cxd5 4. d4 Nc6 5. Nf3 Nf6 6. Bf4 Bf5 7. e3 e6 8. Bd3
Bxd3 9. Qxd3 Be7 10. O-O O-O 11. Rac1 Rc8 12. Qb5 Qd7 13. a3 a6 14. Qd3 b5 15.
Rc2 Na5 16. Ne5 Qb7 17. Rfc1 Nc4 18. h3 Nd7 19. Nf3 h6 20. e4 Nf6 21. e5 Ne4
22. Ne1 Nxc3 23. Qxc3 Nb6 24. Qg3 Kh7 25. Qd3+ Kh8 26. Bd2 Rxc2 27. Rxc2 Rc8
28. f4 Rxc2 29. Nxc2 Qc6 30. Bb4 Bxb4 31. axb4 Qc4 32. Qxc4 dxc4 33. Ne3
1/2-1/2

[Event "SK Kerpen 1 - SV Turm Bergheim 1"]
[Site "Verbandsliga - West 2016/2017"]
[Date "2017.03.19"]
[Round "9.7"]
[White "Esper, Tim"]
[Black "Willms, Johannes"]
[Result "1-0"]
[WhiteElo "1511"]
[BlackElo "1898"]
[PlyCount "75"]
[EventDate "2017.??.??"]
[WhiteTeam "SV Turm Bergheim 1"]
[BlackTeam "SK Kerpen 1"]

1. d4 e6 2. Nf3 d5 3. c4 c6 4. Nc3 f5 5. cxd5 exd5 6. Bg5 Nf6 7. Qc2 Be7 8. e3
Be6 9. Bd3 Ne4 10. Bxe7 Qxe7 11. O-O Nd7 12. Rab1 O-O 13. b4 Rac8 14. Rfc1 g5
15. Nd2 Bf7 16. Ndxe4 fxe4 17. Bf1 Qd6 18. Na4 Nf6 19. Qc5 Qb8 20. Be2 Be6 21.
Rc2 h6 22. Rbc1 Kh8 23. b5 cxb5 24. Qxb5 Bd7 25. Qb3 Rxc2 26. Rxc2 Rc8 27.
Rxc8+ Qxc8 28. Nc3 Bc6 29. Qb4 Kg7 30. h3 Qc7 31. Bd1 b6 32. Be2 Bb7 33. Bf1
Kg6 34. Nb5 Qb8 35. Qd6 Qxd6 36. Nxd6 Bc6 37. Nc8 Nd7 38. Ne7+ 1-0

[Event "SK Kerpen 1 - SV Turm Bergheim 1"]
[Site "Verbandsliga - West 2016/2017"]
[Date "2017.03.19"]
[Round "9.8"]
[White "Lobe, Sandra"]
[Black "Otto, Friedhelm"]
[Result "1/2-1/2"]
[WhiteElo "1724"]
[BlackElo "1609"]
[PlyCount "100"]
[EventDate "2017.??.??"]
[WhiteTeam "SK Kerpen 1"]
[BlackTeam "SV Turm Bergheim 1"]

1. e4 e5 2. Nf3 Nc6 3. Bb5 d6 4. d4 exd4 5. Nxd4 Bd7 6. Nxc6 bxc6 7. Ba4 Nf6 8.
O-O Be7 9. Nd2 O-O 10. c3 c5 11. Bc2 Bc6 12. Qe2 Re8 13. f3 Nd7 14. Qa6 Nb6 15.
Qd3 g6 16. Re1 Bg5 17. Nf1 Bxc1 18. Raxc1 a6 19. c4 Qf6 20. b3 Nd7 21. Ne3 Ne5
22. Qf1 Qf4 23. Bd1 a5 24. g3 Qf6 25. f4 Nd7 26. Nd5 Bxd5 27. cxd5 Qd4+ 28. Qf2
Rxe4 29. Rxe4 Qxe4 30. Bf3 Qe7 31. Re1 Qf6 32. Qe3 Kf8 33. a4 Qd8 34. Kg2 Kg8
35. g4 Qf8 36. g5 Nb6 37. h4 Rb8 38. Qc3 Ra8 39. Qe3 Kg7 40. Kg3 Kg8 41. Qd2
Kg7 42. h5 gxh5 43. Bxh5 Qd8 44. Qc3+ Kg8 45. Bf3 Qf8 46. Rh1 Qg7 47. Qd3 Nd7
48. Kf2 Qd4+ 49. Qxd4 cxd4 50. Be4 Nf8 1/2-1/2

[Event "SV Turm Bergheim 1 - SV Erftstadt 1"]
[Site "Verbandsliga - West 2016/2017"]
[Date "2017.02.19"]
[Round "8.1"]
[White "Harcke, Andreas"]
[Black "Fuhs, J�rgen"]
[Result "1/2-1/2"]
[WhiteElo "2091"]
[BlackElo "2005"]
[PlyCount "32"]
[EventDate "2017.??.??"]
[WhiteTeam "SV Erftstadt 1"]
[BlackTeam "SV Turm Bergheim 1"]

1. d4 f5 2. h3 Nf6 3. g4 d6 4. Nc3 g6 5. Bg5 Bg7 6. gxf5 Bxf5 7. Bg2 c6 8. e4
Bc8 9. Qd2 Nbd7 10. O-O-O O-O 11. e5 Ne8 12. f4 Nb6 13. d5 dxe5 14. fxe5 Bxe5
15. dxc6 Qxd2+ 16. Bxd2 bxc6 1/2-1/2

[Event "SV Turm Bergheim 1 - SV Erftstadt 1"]
[Site "Verbandsliga - West 2016/2017"]
[Date "2017.02.19"]
[Round "8.2"]
[White "H�rtel, Stephan"]
[Black "Berkle, Pascal"]
[Result "0-1"]
[WhiteElo "1899"]
[BlackElo "2043"]
[PlyCount "68"]
[EventDate "2017.??.??"]
[WhiteTeam "SV Turm Bergheim 1"]
[BlackTeam "SV Erftstadt 1"]

1. e4 Nf6 2. e5 Nd5 3. d4 d6 4. c4 Nb6 5. exd6 cxd6 6. Nc3 g6 7. Be3 Bg7 8. Nf3
O-O 9. Be2 Nc6 10. b3 Bg4 11. Rc1 d5 12. c5 Nc8 13. h3 Bxf3 14. Bxf3 e6 15. O-O
N8e7 16. Ne2 Nf5 17. g4 Nxe3 18. fxe3 Qg5 19. Rc3 f5 20. Nf4 Nxd4 21. Bxd5 exd5
22. exd4 fxg4 23. Ne6 Rxf1+ 24. Qxf1 Qe7 25. Nxg7 Qxg7 26. Qf4 gxh3 27. Rxh3
Rf8 28. Qe5 Qf7 29. Qe2 Qf6 30. Kg2 Qxd4 31. Qe6+ Kh8 32. Re3 Kg7 33. b4 Qf6
34. Qxf6+ Kxf6 0-1

[Event "SV Turm Bergheim 1 - SV Erftstadt 1"]
[Site "Verbandsliga - West 2016/2017"]
[Date "2017.02.19"]
[Round "8.3"]
[White "Statz, Samuel"]
[Black "Buller, Ivan"]
[Result "0-1"]
[WhiteElo "1935"]
[BlackElo "1837"]
[PlyCount "50"]
[EventDate "2017.??.??"]
[WhiteTeam "SV Erftstadt 1"]
[BlackTeam "SV Turm Bergheim 1"]

1. e4 e5 2. Nf3 Nf6 3. Nxe5 d6 4. Nf3 Nxe4 5. Nc3 Nxc3 6. dxc3 Be7 7. h3 Nc6 8.
Bb5 a6 9. Bd3 Be6 10. Bf4 Bf6 11. Qe2 Qd7 12. Ng5 O-O-O 13. Nxh7 Rxh7 14. Bxh7
g6 15. g4 Re8 16. Be3 Bd5 17. f3 Ne5 18. O-O Nc4 19. Qd3 Nxe3 20. Rfe1 Bc4 21.
Qd2 Qe7 22. f4 Qe4 23. Qf2 Bd5 24. Qh2 Bh4 25. Re2 Qf3 0-1

[Event "SV Turm Bergheim 1 - SV Erftstadt 1"]
[Site "Verbandsliga - West 2016/2017"]
[Date "2017.02.19"]
[Round "8.4"]
[White "Bergmann, Thomas"]
[Black "Silbermann, Frank"]
[Result "1/2-1/2"]
[WhiteElo "1731"]
[BlackElo "2143"]
[PlyCount "38"]
[EventDate "2017.??.??"]
[WhiteTeam "SV Turm Bergheim 1"]
[BlackTeam "SV Erftstadt 1"]

1. Nc3 c5 2. e4 e6 3. Bc4 a6 4. a4 Nc6 5. d3 Nf6 6. Bg5 Be7 7. Nge2 h6 8. Bh4
Ne5 9. O-O O-O 10. h3 Nxe4 11. Bxe7 Qxe7 12. Nxe4 d5 13. Bxd5 exd5 14. N4c3 d4
15. Ne4 f5 16. Nd2 f4 17. f3 a5 18. Ne4 Ra6 19. Qd2 Bf5 1/2-1/2

[Event "SV Turm Bergheim 1 - SV Erftstadt 1"]
[Site "Verbandsliga - West 2016/2017"]
[Date "2017.02.19"]
[Round "8.5"]
[White "Vaerst, Joachim"]
[Black "Kr�ckeberg, Bernd"]
[Result "1/2-1/2"]
[WhiteElo "1967"]
[BlackElo "1781"]
[PlyCount "104"]
[EventDate "2017.??.??"]
[WhiteTeam "SV Erftstadt 1"]
[BlackTeam "SV Turm Bergheim 1"]

1. e4 c6 2. d4 d5 3. Nc3 dxe4 4. Nxe4 Nd7 5. Bc4 Ngf6 6. Ng5 e6 7. Ne2 Bd6 8.
O-O h6 9. Nf3 Qc7 10. Re1 O-O 11. Ng3 Re8 12. c3 e5 13. Qb3 Nb6 14. Bxf7+ Qxf7
15. Qxf7+ Kxf7 16. dxe5 Bc7 17. exf6 Rxe1+ 18. Nxe1 Bxg3 19. hxg3 Kxf6 20. Be3
Nd5 21. Bd4+ Kf7 22. Nd3 Bf5 23. Ne5+ Kg8 24. Re1 Re8 25. Nf3 Rxe1+ 26. Nxe1 a6
27. Nf3 Kf7 28. Kf1 h5 29. Ke1 g6 30. Kd2 Ke6 31. a3 Bb1 32. Ne1 Bf5 33. Nd3
Kd6 34. c4 Ne7 35. Bc5+ Ke6 36. Bxe7 Kxe7 37. Nc5 Bc8 38. Ke3 Kf6 39. Kf4 g5+
40. Ke3 Kf5 41. Ne4 Be6 42. f4 gxf4+ 43. gxf4 b6 44. Kf3 c5 45. b3 Bd7 46. Nc3
Bc6+ 47. Nd5 Ke6 48. Ke4 b5 49. f5+ Kd6 50. f6 Ke6 51. f7 Bxd5+ 52. cxd5+ Kxf7
1/2-1/2

[Event "SV Turm Bergheim 1 - SV Erftstadt 1"]
[Site "Verbandsliga - West 2016/2017"]
[Date "2017.02.19"]
[Round "8.6"]
[White "Esper, Tim"]
[Black "Effer-Uhe, Daniel"]
[Result "1/2-1/2"]
[WhiteElo "1512"]
[BlackElo "1985"]
[PlyCount "108"]
[EventDate "2017.??.??"]
[WhiteTeam "SV Turm Bergheim 1"]
[BlackTeam "SV Erftstadt 1"]

1. d4 d5 2. Nf3 Nf6 3. c4 e6 4. cxd5 exd5 5. Nc3 c6 6. Bg5 Be7 7. Qc2 O-O 8. e3
Nbd7 9. Bd3 g6 10. O-O Nh5 11. Bxe7 Qxe7 12. Rab1 Nhf6 13. b4 a6 14. a4 Nb6 15.
a5 Nbd7 16. Na4 Ne8 17. Nc5 Nc7 18. Nxd7 Qxd7 19. Ne5 Qe7 20. Qc5 Qxc5 21. bxc5
Nb5 22. Rb3 Kg7 23. Bc2 Kf6 24. h3 Bf5 25. Rc1 Bxc2 26. Rxc2 Ke6 27. g3 f6 28.
Nf3 h5 29. h4 Rf7 30. Kg2 Rg8 31. Rc1 Kf5 32. Rh1 Rh7 33. Rh2 Rgh8 34. Rh1 Re8
35. Rh2 Re4 36. Rd3 Ree7 37. Rb3 Rc7 38. Rh1 Rcd7 39. Rh2 Rde7 40. Rh1 Rc7 41.
Rh2 Na7 42. Rh1 Nc8 43. Rhb1 Rhd7 44. R3b2 Ne7 45. Rb3 Ng8 46. R3b2 Nh6 47. Rb3
Ng4 48. R1b2 Rh7 49. Rb1 Rhd7 50. R1b2 Ke6 51. Rb1 Rh7 52. R3b2 Rcg7 53. Rb3
Rf7 54. R3b2 Re7 1/2-1/2

[Event "SV Turm Bergheim 1 - SV Erftstadt 1"]
[Site "Verbandsliga - West 2016/2017"]
[Date "2017.02.19"]
[Round "8.7"]
[White "Blasche, Martin"]
[Black "Otto, Friedhelm"]
[Result "1/2-1/2"]
[WhiteElo "1774"]
[BlackElo "1609"]
[PlyCount "50"]
[EventDate "2017.??.??"]
[WhiteTeam "SV Erftstadt 1"]
[BlackTeam "SV Turm Bergheim 1"]

1. d4 d5 2. c4 e6 3. Nc3 Nc6 4. Nf3 Nf6 5. Bg5 Be7 6. e3 O-O 7. Bd3 dxc4 8.
Bxc4 Nd5 9. Bxe7 Ncxe7 10. Rc1 c6 11. O-O Ng6 12. Bd3 Re8 13. Bb1 Nxc3 14. Rxc3
Ne7 15. Qd3 g6 16. Ne5 Nd5 17. Rcc1 Nf6 18. f4 Nd7 19. Rf3 f5 20. Nxd7 Bxd7 21.
Qb3 Qb6 22. Qxb6 axb6 23. a3 Rac8 24. Rf2 Kg7 25. Ba2 b5 1/2-1/2